[Event "GBR-ch 95th"]
[Site "Liverpool"]
[Date "2008.08.08"]
[Round "11.33"]
[White "Coates, David H"]
[Black "Elwin, Adrian G"]
[Result "1/2-1/2"]
[WhiteElo "2037"]
[BlackElo "2022"]
[PlyCount "62"]
[EventDate "2008.07.28"]
[EventType "swiss"]
[EventRounds "11"]
[EventCountry "GBR"]

1. e4 c6 2. d4 d5 3. exd5 cxd5 4. c4 Nf6 5. Nc3 e6 6. Nf3 Nc6 7. c5 Ne4 8. Qc2
f5 9. a3 Be7 10. Bb5 Bd7 11. O-O Bf6 12. Bxc6 Bxc6 13. b4 a6 14. Bf4 g5 15. Be5
g4 16. Bxf6 Qxf6 17. Ne5 Ng5 18. a4 O-O 19. b5 Be8 20. Qb3 Qg7 21. Ne2 Ne4 22.
Qb2 f4 23. f3 gxf3 24. Rxf3 Ng5 25. Rff1 axb5 26. axb5 Rxa1 27. Rxa1 f3 28. Ng3
Qh6 29. Nxf3 Nxf3+ 30. gxf3 Rxf3 31. Ra3 Rxa3 1/2-1/2

[Event "GBR-ch 95th"]
[Site "Liverpool"]
[Date "2008.08.08"]
[Round "11.34"]
[White "McCullough, Simon L"]
[Black "Woods, Connor"]
[Result "1-0"]
[WhiteElo "1910"]
[BlackElo "1934"]
[PlyCount "37"]
[EventDate "2008.07.28"]
[EventType "swiss"]
[EventRounds "11"]
[EventCountry "GBR"]

1. d4 Nf6 2. Nf3 c5 3. e3 b6 4. c4 Bb7 5. Nc3 g6 6. d5 d6 7. e4 Bg7 8. Bg5 O-O
9. Qd2 Re8 10. O-O-O a6 11. Bh6 Bh8 12. h4 Nbd7 13. h5 Nf8 14. hxg6 hxg6 15.
Bxf8 Rxf8 16. Rxh8+ Kxh8 17. Qh6+ Kg8 18. Ng5 Qd7 19. Be2 1-0